000 01293nam a2200325 i 4500
003 DO-SdBNP
005 20240925085246.0
006 a||||gr|||| 00| 0
007 ta
008 240410e dr ||||| |||| 00| e spa d
020 _a9789945099805
040 _aDO-SdBNP
_bspa
_cBNPHU
_erda
082 4 _222
_a972.9302
_bM671t, 2023
245 1 0 _aTres leyendas de colores :
_bensayo de interpretación de las tres primeras revoluciones del nuevo mundo /
_cPedro Mir ; prólogo, Rafael Altamira.
250 _a6ta. edición
264 _aSanto Domingo :
_bCervecería Nacional,
_bArcoiris Cultura,
_c2023
300 _a353 páginas ;
_c23 cm.
336 _2rdacontent
_atexto
_btxt
337 _2rdamedia
_asin mediación
_bn
338 _2rdacarrier
_avolumen
_bnc
500 _aIncluye datos biográficos del autor en las solapas de las cubiertas.
504 _aBibliografía: páginas 339 - 343
590 _aInventariado 2024 / MF
650 4 _aNegros
_zRepública Dominicana
_92558
651 0 _aRepública Dominicana --
_xHistoria --
_yDescubrimiento y conquista, 1492-1503
_9255
651 4 _aRepública Dominicana --
_xHistoria --
_yColonia, 1503-1844
_911397
651 4 _aHaití
_xHistoria
_y1791
_99644
700 _aAltamira, Rafael,
_d1866-1951
_931078
_eprólogo
942 _2ddc
_cLBS1
999 _c56333
_d56333